[Event "20th Aschacher Donau"]
[Site "Aschach AUT"]
[Date "2011.12.26"]
[Round "1"]
[White "Thanatipanonda,Thotsaporn"]
[Black "Neuman,P"]
[Result "0-1"]
[WhiteElo "2093"]
[BlackElo "2459"]

1.e4 d6 2.d4 Nf6 3.Nc3 e5 4.Nf3 Nbd7 5.Bc4 Be7 6.O-O O-O 7.a4 c6 8.a5 Rb8
9.Re1 b5 10.Bd3 a6 11.Ne2 Re8 12.Ng3 Bf8 13.c3 Qc7 14.Nf5 c5 15.d5 c4 16.Bc2 Nc5
17.N3h4 Kh8 18.Bg5 Ng8 19.Be3 g6 20.Ng3 Bh6 21.Qd2 Bxe3 22.Qxe3 Qe7 23.Nf3 Bd7
24.Nd2 Qh4 25.Rf1 Nf6 26.h3 Qf4 27.Ne2 Qxe3 28.fxe3 Kg7 29.Rf3 Rf8 30.Raf1 Ng8
31.b4 cxb3 32.Nxb3 Rbc8 33.Nxc5 Rxc5 34.Bd3 f6 35.Rb1 h5 36.Rb3 Rfc8 37.Rf1 Nh6
38.Ra1 Nf7 39.Raa3 Nd8 40.Kf2 R5c7 41.Ke1 Nb7 42.Kd2 Nc5 43.Rb4 Nxd3 44.Kxd3 f5
45.exf5 gxf5 46.e4 Rc5 47.Ng3 fxe4+ 48.Kxe4 Kg6 49.Rbb3 h4 50.Ne2 Bf5+ 51.Ke3 Rxd5
52.Rb4 Rd3+ 53.Kf2 Rf8 54.Ke1 Kh5 55.Ra2 Be6 56.Rab2 Re8 57.Kf2 Bc4 58.g4+ Kg5  0-1

[Event "20th Aschacher Donau"]
[Site "Aschach AUT"]
[Date "2011.12.27"]
[Round "2"]
[White "Konrad,E"]
[Black "Moser,E"]
[Result "0-1"]
[WhiteElo "2220"]
[BlackElo "2448"]

1.e4 d6 2.d4 Nf6 3.Nc3 Nbd7 4.Nf3 e5 5.Bc4 Be7 6.O-O O-O 7.Re1 c6 8.a4 a5
9.h3 h6 10.Be3 Re8 11.Qd2 Bf8 12.Rad1 Qc7 13.Nh4 Nb6 14.Bb3 Be6 15.Bxe6 Rxe6
16.b3 exd4 17.Bxd4 Rae8 18.Nf5 Nbd7 19.Ng3 Nc5 20.Bxc5 dxc5 21.Qd3 Bd6 22.Re2 Be5
23.Rde1 h5 24.Re3 Bd4 25.Rf3 Nd7 26.Qd2 Ne5 27.Rf4 Ng6 28.Rf5 Qxg3  0-1

[Event "48th Groningen Open A"]
[Site "Groningen NED"]
[Date "2011.12.27"]
[Round "6.10"]
[White "Maatman,Nick"]
[Black "Plat,V"]
[Result "0-1"]
[WhiteElo "2029"]
[BlackElo "2425"]

1.d4 d6 2.e4 Nf6 3.Nc3 e5 4.Nf3 Nbd7 5.h3 Be7 6.Be3 exd4 7.Nxd4 Nc5 8.Qf3 c6
9.O-O-O Qc7 10.g4 Be6 11.Nxe6 Nxe6 12.Bc4 Nd7 13.Qg3 Nec5 14.Bd4 b5 15.Bd3 Ne6
16.Be3 Ndc5 17.Kb1 O-O-O 18.Rd2 Bf6 19.Ne2 h6 20.Rhd1 Rhe8 21.f4 Qa5 22.c3 b4
23.cxb4 Qxb4 24.e5 dxe5 25.fxe5 Nxd3 26.exf6 Nxb2 27.Rxd8+ Nxd8 28.Qf4 Nc4+
29.Kc2 Nxe3+  0-1

[Event "Czech Chess Christmas 2011"]
[Site "Litomysl CZE"]
[Date "2011.12.27"]
[Round "2.8"]
[White "Kaczmarek,M"]
[Black "Drozdowski,K"]
[Result "0-1"]
[WhiteElo "2051"]
[BlackElo "2314"]

1.e4 d6 2.d4 Nf6 3.Nc3 c6 4.Nf3 Bg4 5.Be2 e6 6.O-O Be7 7.Bg5 Qa5 8.Qd2 Nbd7
9.a4 h6 10.Be3 Qc7 11.a5 Rd8 12.h3 Bh5 13.Nh2 Bg6 14.Bd3 d5 15.exd5 Bxd3
16.Bf4 Qc8 17.Qxd3 Nxd5 18.Nxd5 cxd5 19.Ng4 O-O 20.Nxh6+ gxh6 21.Bxh6 Bf6
22.Bxf8 Nxf8 23.f4 Qc4 24.Qg3+ Bg7 25.c3 f5 26.h4 Kf7 27.Rae1 Qc7 28.b4 Qe7
29.h5 Qf6 30.Qf3 Nd7 31.g4 fxg4 32.Qxg4 Qf5 33.Qg6+ Qxg6+ 34.hxg6+ Kf6 35.Rf3 Rc8
36.f5 exf5 37.Ref1 Kxg6 38.Rxf5 Nf6 39.R1f3 Rc6 40.Re5 Bf8 41.b5 Rd6 42.Rg3+ Kf7
43.Rgg5 a6 44.b6 Rc6 45.Rgf5 Bd6 46.Re3 Be7 47.Ree5 Ke8 48.Kf1 Kd7 49.Re3 Rc4
50.Rfe5 Bd6 51.Rf5 Ne4 52.Rxd5 Kc6 53.Rh5 Ng3+ 54.Rxg3 Bxg3 55.d5+ Kb5 56.Rh7 Kxa5
57.Rxb7 Rxc3 58.Ke2 Rb3 59.Kd2 Rxb6 60.Rg7 Bd6 61.Kd3 Kb5 62.Ke4 a5 63.Ra7 a4
64.Kd4 Kb4  0-1

[Event "Czech Chess Christmas 2011"]
[Site "Litomysl CZE"]
[Date "2011.12.27"]
[Round "3.13"]
[White "Skoda,M"]
[Black "Svana,P"]
[Result "0-1"]
[WhiteElo "2019"]
[BlackElo "2258"]

1.e4 d6 2.d4 Nf6 3.Nc3 c6 4.Nf3 Nbd7 5.e5 Nd5 6.Nxd5 cxd5 7.exd6 e6 8.Bd3 Bxd6
9.O-O Nf6 10.Qe2 O-O 11.Bg5 b6 12.Ne5 Bb7 13.Rfe1 Be7 14.c3 a6 15.Qf3 Ne4
16.Bxe7 Qxe7 17.Qh5 g6 18.Qh6 b5 19.a3 f6 20.Nf3 Rae8 21.Bxe4 dxe4 22.Nd2 f5
23.f3 e5 24.dxe5 Qc5+ 25.Kh1 Rxe5 26.Rad1 e3 27.Nb3 Qe7 28.Qf4 g5 29.Qb4 f4
30.Qxe7 Rxe7 31.Rd6 Re5 32.Nd4 Rd5 33.Rxd5 Bxd5 34.Kg1 Rd8 35.g3 Kg7 36.h4 h6
37.hxg5 hxg5 38.Kg2 Kg6 39.Rd1 Bb7 40.gxf4 gxf4 41.Rg1 Kf6 42.Kf1 Rxd4 43.cxd4 Bxf3
44.Rg8 Kf5 45.Rf8+ Ke4 46.d5 Bg4 47.d6 f3 48.Rf7 Kd3 49.Rxf3 Kd2  0-1

[Event "North American Open"]
[Site "Las Vegas USA"]
[Date "2011.12.28"]
[Round "4"]
[White "Kekelidze,M"]
[Black "Akobian,V"]
[Result "0-1"]
[WhiteElo "2443"]
[BlackElo "2612"]

1.d4 d6 2.e4 Nf6 3.Nc3 c6 4.f4 Qa5 5.Bd3 e5 6.Nf3 Nbd7 7.Be3 Be7 8.Nd2 b5
9.Qf3 O-O 10.g4 exd4 11.Nb3 Qc7 12.Nxd4 Nc5 13.g5 Nfd7 14.O-O-O Re8 15.Kb1 Bf8
16.h4 b4 17.Nce2 Nxd3 18.cxd3 d5 19.exd5 c5 20.Nc6 Nb6 21.g6 hxg6 22.Ne5 Bb7
23.Qf2 Nxd5 24.Bc1 Nf6 25.Rhe1 Rad8 26.b3 Qc8 27.Bb2 a5 28.Ng3 Ng4 29.Qe2 Nxe5
30.fxe5 Qh3 31.Ne4 Ba6 32.Kc2 a4 33.Rf1 axb3+ 34.axb3 Rd7 35.Ng5 Qxh4 36.Qe3 f6
37.Ne4 Red8 38.exf6 Bxd3+ 39.Rxd3 Rxd3 40.Qxd3 Rxd3 41.f7+ Kh7 42.Kxd3 Qh3+
43.Ke2 Qg2+ 44.Nf2 g5 45.Ke1 Qf3 46.Rh1+ Kg6 47.Rh3 Qxf7 48.Ke2 c4 49.Rf3 Qe6+
50.Re3 Qf5 51.Bd4 Qc2+ 52.Kf3 Qd2 53.Re6+ Kf7 54.Re4 cxb3 55.Be3 Qd5  0-1

[Event "1st St Leon-Rot Open"]
[Site "Sankt Leon-Rot GER"]
[Date "2011.12.28"]
[Round "4"]
[White "Haas,F"]
[Black "Moser,Ax"]
[Result "1-0"]
[WhiteElo "2180"]
[BlackElo "2124"]

1.e4 d6 2.d4 Nf6 3.Nc3 e5 4.dxe5 dxe5 5.Qxd8+ Kxd8 6.f4 Bb4 7.Bd3 Nbd7 8.Nf3 c6
9.fxe5 Ng4 10.Bg5+ Ke8 11.Bf4 Nc5 12.h3 Ne6 13.Bd2 Nh6 14.O-O-O Ng8 15.Be1 Ba5
16.Nb5 Bxe1 17.Nd6+ Ke7 18.Rhxe1 Nh6 19.Bf1 Rd8 20.Nf5+ Ke8 21.Rd6  1-0

[Event "XLI Rilton Cup 2011-12"]
[Site "Stockholm SWE"]
[Date "2011.12.28"]
[Round "2"]
[White "Lindberg,Be"]
[Black "Jonsson,E"]
[Result "1-0"]
[WhiteElo "2415"]
[BlackElo "2066"]

1.e4 d6 2.d4 Nf6 3.Nc3 e5 4.Nf3 exd4 5.Qxd4 Be7 6.Bg5 O-O 7.O-O-O Nc6 8.Qd2 Be6
9.Bb5 Ng4 10.h4 f6 11.Bf4 Nge5 12.Nd5 a6 13.Be2 b5 14.Nd4 Bxd5 15.exd5 Nxd4
16.Qxd4 Qd7 17.g3 Rae8 18.Rde1 f5 19.Bg5 Nf7 20.f4 Nxg5 21.hxg5 Bd8 22.Bf3 Rxe1+
23.Rxe1 Re8 24.Re6 c5 25.dxc6 Qf7 26.Rxd6 Ba5 27.b4 Qxa2 28.Bd5+  1-0

[Event "20th Aschacher Donau"]
[Site "Aschach AUT"]
[Date "2011.12.29"]
[Round "5"]
[White "Boskovic,D"]
[Black "Neuman,P"]
[Result "0-1"]
[WhiteElo "2421"]
[BlackElo "2459"]

1.e4 d6 2.d4 Nf6 3.Nc3 e5 4.Nf3 Nbd7 5.g4 Nxg4 6.Rg1 Ngf6 7.Bc4 exd4 8.Qxd4 c6
9.Bf4 b5 10.Bb3 c5 11.Qd2 c4 12.Bxd6 Bxd6 13.Qxd6 Qb6 14.Qf4 cxb3 15.Rxg7 Bb7
16.e5 b4 17.Ne2 Kf8 18.exf6 Qxf6 19.Qxf6 Nxf6 20.Rg3 Nh5 21.Rh3 Re8 22.Nd4 Nf4
23.Rxb3 Ba6 24.Re3 Ng2+ 25.Kd2 Nxe3 26.fxe3 Bxe2 27.Kxe2 Rg8 28.Kf3 Rg6 29.Nf5 Rc6
30.Rc1 Rec8 31.Nd4 Ra6 32.Ra1 Rc5 33.b3 Rh5 34.Rh1 Rh3+ 35.Ke4 Rxa2 36.Nf5 Rxc2
37.Rd1 Rc8 38.Rd7 Re8+ 39.Kf4 Rxh2 40.Rxa7 Rf2+ 41.Kg5 Rxf5+ 42.Kxf5 Rxe3
43.Ra1 Rxb3 44.Rh1 Re3 45.Rxh7 Re8 46.Rh4 b3 47.Rb4 Re3 48.Kf4 Rh3 49.Rb7 Rc3
50.Ke5 Ke8 51.Kd6 Rd3+ 52.Ke5 Re3+ 53.Kd4 Rh3 54.Ke5 Rg3 55.Kf4 Rc3 56.Ke5 Rh3
57.Kd6 f6 58.Ke6 Kd8 59.Kd6 Rd3+ 60.Kc6 f5  0-1

[Event "Cracovia Open A"]
[Site "Krakow POL"]
[Date "2011.12.29"]
[Round "3.14"]
[White "Licznerski,L"]
[Black "Wiewiora,E"]
[Result "1-0"]
[WhiteElo "2271"]
[BlackElo "2124"]

1.e4 d6 2.d4 Nf6 3.Nc3 e5 4.Nf3 Nbd7 5.Bc4 Be7 6.O-O O-O 7.h3 c6 8.a4 b6
9.d5 Bb7 10.Re1 Rc8 11.dxc6 Bxc6 12.Ba6 Rc7 13.Bg5 h6 14.Bxf6 Nxf6 15.Bc4 Qa8
16.Qe2 Nh5 17.Rad1 Nf4 18.Qf1 Qc8 19.Bb3 Kh8 20.Nd2 Ne6 21.Nc4 Nd4 22.Ne3 Bh4
23.Qd3 Qd8 24.Nf5 Bf6 25.Nxd4 exd4 26.Ne2 d5 27.e5 Bxe5 28.Nxd4 Bf6 29.c3 Ba8
30.Nf5 d4 31.cxd4 Rd7 32.d5 Bxb2 33.Re2 Bf6 34.Nxh6 Rc7 35.Ng4 Rc3 36.Qb1 Bg5
37.Rc2 Rxc2 38.Qxc2 Bf4 39.g3 Bd6 40.Qf5 Bb7 41.Ne3 Bc8 42.Qh5+ Kg8 43.h4 Qf6
44.Bc4 g6 45.Qg5 Qf3 46.Rd4 Kg7 47.h5 Qxh5 48.Qxh5 gxh5 49.Be2 Kg6 50.Nc4 Bc5
51.Rh4 Rh8 52.Ne5+ Kf6 53.Nc6 a6 54.Bxh5 Kg5 55.Bxf7 Rf8 56.Rh5+ Kg4 57.Ne5+  1-0

[Event "Cracovia Open A"]
[Site "Krakow POL"]
[Date "2011.12.29"]
[Round "3.9"]
[White "Sivuk,V"]
[Black "Borsos,B"]
[Result "1-0"]
[WhiteElo "2432"]
[BlackElo "2239"]

1.e4 d6 2.d4 Nf6 3.Nc3 Nbd7 4.Nf3 e5 5.Bc4 Be7 6.O-O O-O 7.Re1 c6 8.a4 b6
9.b3 a6 10.Bb2 Rb8 11.Bd3 Bb7 12.Ne2 Qc7 13.Ng3 g6 14.Qd2 Rfe8 15.c4 Bf8
16.d5 Nc5 17.Bc2 a5 18.Nh4 Bg7 19.Rad1 Rbd8 20.Nhf5 Nfxe4 21.Bxe4 gxf5 22.Nxf5 f6
23.dxc6 Nxe4 24.Qd5+ Qf7 25.Qxf7+ Kxf7 26.cxb7 d5 27.Rxd5 Nc5 28.Nd6+ Rxd6
29.Rxd6 Rb8 30.Rxb6 Nd3 31.Rd1 e4 32.Bd4 f5 33.Bxg7  1-0

[Event "1st St Leon-Rot Open"]
[Site "Sankt Leon-Rot GER"]
[Date "2011.12.29"]
[Round "6"]
[White "Roettig,H"]
[Black "Moser,Ax"]
[Result "1-0"]
[WhiteElo "2067"]
[BlackElo "2124"]

1.e4 d6 2.d4 Nf6 3.Nc3 Nbd7 4.Nf3 e5 5.Bc4 Be7 6.g4 exd4 7.Qxd4 O-O 8.g5 Ng4
9.Rg1 Nge5 10.Nxe5 Nxe5 11.Be2 f5 12.f4 Nc6 13.Bc4+ Kh8 14.Qd1 fxe4 15.Be3 Na5
16.Bd5 Bf5 17.Qh5 c6 18.Bd4 Bg6 19.Qh6  1-0

[Event "28th Geneva Open A"]
[Site "Geneva SUI"]
[Date "2011.12.30"]
[Round "7"]
[White "Ivanisevic,I"]
[Black "Cherniaev,A1"]
[Result "1-0"]
[WhiteElo "2636"]
[BlackElo "2469"]

1.d4 d6 2.e4 Nf6 3.Nc3 e5 4.Nf3 Nbd7 5.Bc4 Be7 6.O-O O-O 7.Re1 c6 8.a4 a5
9.h3 Qc7 10.Ba2 Nb6 11.Be3 Nfd7 12.Qd2 Bf6 13.Rad1 exd4 14.Bxd4 Ne5 15.Nh2 Nec4
16.Qc1 Bxd4 17.Rxd4 Be6 18.b3 Ne5 19.f4 c5 20.Nb5 Qe7 21.Rxd6 Nc6 22.f5 Bc8
23.Ng4 Nd7 24.e5 Ndxe5 25.f6 gxf6 26.Nxf6+ Kh8 27.Re4 Bf5 28.Nd5 Qe8 29.Nbc7 Bxe4
30.Nxe8 Bxd5 31.Nc7 Be4 32.Nxa8 Rxa8 33.Qg5 Bxc2 34.Qf6+ Kg8 35.h4 Bg6 36.Qg5 h5
37.b4  1-0

[Event "Cracovia Open A"]
[Site "Krakow POL"]
[Date "2011.12.30"]
[Round "4.4"]
[White "Sieciechowicz,M"]
[Black "Malaniuk,V"]
[Result "0-1"]
[WhiteElo "2441"]
[BlackElo "2504"]

1.d4 d6 2.e4 Nf6 3.Nc3 e5 4.Nge2 c6 5.g3 Be7 6.Bg2 b5 7.O-O Qc7 8.h3 h5 9.f4 Nbd7
10.Be3 Bb7 11.Qe1 a6 12.Rd1 O-O 13.Qf2 Rae8 14.a3 c5 15.dxe5 dxe5 16.Nd5 Bxd5
17.exd5 e4 18.Nc3 Bd6 19.Qe2 b4 20.Nb1 c4 21.axb4 Bxb4 22.Bd4 Bc5 23.Qxc4 Bxd4+
24.Rxd4 Qa7 25.Rd1 Nb6 26.Qe2 Nbxd5 27.Kh2 Ne7 28.Rd6 Nf5 29.Rxa6 Qb8 30.Ra5 g6
31.Ra6 Kg7 32.Rf1 h4 33.gxh4 Nh5 34.Qd2 e3 35.Qc3+ Kh7 36.Ra8 Qd6 37.Rxe8 Rxe8
38.Qc6 e2 39.Qxe8 exf1=N+ 40.Bxf1 Qxf4+ 41.Kg1 Qd4+ 42.Kh2 Qf2+ 43.Bg2 Nxh4
44.Qe4 Nf4  0-1

[Event "Hastings Masters 2011-12"]
[Site "Hastings ENG"]
[Date "2011.12.31"]
[Round "4.33"]
[White "Kewes,G"]
[Black "Pickersgill,A"]
[Result "1/2-1/2"]
[WhiteElo "2222"]
[BlackElo "1990"]

1.e4 d6 2.d4 Nf6 3.Nc3 c6 4.Nf3 Bg4 5.h3 Bh5 6.Qe2 e6 7.g4 Bg6 8.h4 h5 9.g5 Nfd7
10.Bh3 Be7 11.O-O d5 12.Bf4 O-O 13.Rfe1 Bb4 14.exd5 cxd5 15.Nb5 Bxe1 16.Rxe1 Nc6
17.Bc7 Qe8 18.Bd6 a6  1/2-1/2

[Event "Schachbundesliga 2011-12"]
[Site "Dortmund GER"]
[Date "2011.19.11"]
[Round "4"]
[White "Burg,T"]
[Black "Handke,F"]
[Result "1-0"]
[WhiteElo "2462"]
[BlackElo "2518"]

1.e4 d6 2.d4 Nf6 3.Nc3 e5 4.Nf3 Nbd7 5.Bc4 Be7 6.O-O O-O 7.a4 c6 8.Re1 a5
9.b3 Nb6 10.Bf1 exd4 11.Nxd4 d5 12.e5 Ne8 13.Nce2 g6 14.Nf4 Ng7 15.Bb2 Be6
16.Qf3 Qc7 17.Qg3 Bc5 18.Bd3 Nd7 19.h4 Qb6 20.Nf3 Rfe8 21.h5 Nf8 22.h6 Nf5
23.Bxf5 Bxf5 24.e6 fxe6 25.Nd3 e5 26.Nxc5 Qxc5 27.Rxe5 Qxc2 28.Rae1 Be4 29.Ba1 Qc5
30.R1xe4  1-0

[Event "Schachbundesliga 2011-12"]
[Site "Hockenheim GER"]
[Date "2011.20.11"]
[Round "5"]
[White "Paehtz,E"]
[Black "Glek,I"]
[Result "1-0"]
[WhiteElo "2461"]
[BlackElo "2408"]

1.e4 d6 2.d4 Nf6 3.Nc3 e5 4.Nf3 Nbd7 5.Bc4 Be7 6.O-O O-O 7.Re1 a6 8.a4 b6
9.h3 Bb7 10.d5 Ne8 11.Bf1 g6 12.Bh6 Ng7 13.Qd2 f5 14.exf5 gxf5 15.Ng5 Bxg5
16.Bxg5 Qe8 17.f4 Qg6 18.Be2 Kh8 19.fxe5 dxe5 20.Be7 Rg8 21.Qg5 Qf7 22.Qh4 Ne8
23.Rf1 Rg7 24.Ba3 Qg6 25.Rf2 Nef6 26.Rd1 Re8 27.Kh2 e4 28.g3 Reg8 29.Rg1 Bxd5
30.b3 Be6 31.Qf4 h5 32.Bb2 Kh7 33.Bxa6 Qf7 34.Be2 Rg6 35.Rfg2 Rh6 36.Bc1 Rgg6
37.Rf1 Qg7 38.Qxc7 Ne8 39.Bxh6 Rxh6 40.Qd8 Nef6 41.Nd1 Ne5 42.Ne3 Nfg4+ 43.hxg4 hxg4+
44.Kg1 Nf3+ 45.Kf2 f4 46.gxf4 Rh3 47.Rg3 Rxg3 48.Kxg3 Qh6 49.Rxf3 Qh3+ 50.Kf2 gxf3
51.Qe7+ Kh8 52.Qf6+ Kh7 53.Bf1 Qh2+ 54.Ke1 Qg3+ 55.Kd1 Qf2 56.Qd4 Bf7 57.Qxe4+ Bg6
58.f5 Bh5 59.f6+ Kh8 60.Qa8+  1-0

[Event "Cracovia Comarch Cup"]
[Site "Krakow POL"]
[Date "2012.01.02"]
[Round "6.2"]
[White "Velicka,P"]
[Black "Kasparov,S"]
[Result "1/2-1/2"]
[WhiteElo "2472"]
[BlackElo "2521"]

1.e4 d6 2.d4 Nf6 3.Nc3 e5 4.Nf3 Nbd7 5.Bc4 Be7 6.O-O O-O 7.Re1 c6 8.a4 b6
9.Ba2 a6 10.Be3 Rb8 11.h3 b5 12.axb5 axb5 13.b4 Qc7 14.Bb3 Nb6 15.Qd3 Be6
16.Bxe6 fxe6 17.Ng5 Qc8 18.Ra7 Re8 19.d5 Nbxd5 20.exd5 exd5 21.Bd2 h6 22.Nf3 e4
23.Qe3 Rb7 24.Rxb7 Qxb7 25.Nh4 Qd7 26.Ng6 Bd8 27.Ne2 Qf7 28.Nef4 Nd7 29.Qg3 Ne5
30.Be3 Nxg6 31.Qxg6 Qxg6 32.Nxg6 Bf6 33.Nf4 d4 34.Bc1 Kf7 35.Kf1 d5 36.Rd1 Ra8
37.Bb2 g5 38.Nh5 Ra2 39.Nxf6 Rxb2 40.Nxe4 dxe4 41.Rxd4 Rxc2 42.Rxe4 Kf6 43.h4 c5
44.bxc5 Rxc5 45.hxg5+ hxg5 46.f3 Re5 47.Rxe5 Kxe5 48.Ke2 b4 49.g3 Kd4 50.Kd2 b3
51.Kc1 Ke3  1/2-1/2

[Event "Cracovia Open A"]
[Site "Krakow POL"]
[Date "2012.01.03"]
[Round "8.2"]
[White "Tomczak,J"]
[Black "Malaniuk,V"]
[Result "1-0"]
[WhiteElo "2544"]
[BlackElo "2504"]

1.e4 d6 2.d4 Nf6 3.Nc3 e5 4.Nf3 Nbd7 5.Rg1 g6 6.g4 Bg7 7.dxe5 dxe5 8.Be3 c6
9.Qd3 Qe7 10.O-O-O O-O 11.Qd6 Qxd6 12.Rxd6 Re8 13.Bg5 h6 14.Be3 Bf8 15.Rd1 Nc5
16.g5 Ng4 17.Bd2 hxg5 18.Nxg5 f6 19.Nf3 Kh7 20.Rg3 a5 21.a4 Be6 22.h3 Nh6
23.Be2 Be7 24.Rdg1 Rg8 25.h4 Bf7 26.Ng5+ fxg5 27.hxg5 Ne6 28.Rh3 Nf4 29.Bxf4 exf4
30.e5 Bxg5 31.Rxg5 Be6 32.Rh4 Bf5 33.Bc4 Rh8 34.Ne2 Rae8 35.Nxf4 Rxe5 36.Nxg6  1-0

[Event "2nd Mantova Open A 2012"]
[Site "Mantova ITA"]
[Date "2012.01.03"]
[Round "2"]
[White "Bontempi,P"]
[Black "Albinelli,Alberto"]
[Result "1-0"]
[WhiteElo "2336"]
[BlackElo "1877"]

1.e4 d6 2.d4 Nf6 3.Nc3 e5 4.Nf3 exd4 5.Qxd4 Be7 6.Bg5 O-O 7.O-O-O c5 8.Qd2 Qa5
9.Kb1 Nc6 10.Bxf6 Bxf6 11.Nd5 Be5 12.Ne7+ Kh8 13.Nxc6 Qxd2 14.Rxd2 bxc6 15.Nxe5 dxe5
16.Bc4 f5 17.Re1 f4 18.f3 a5 19.Red1 Bb7 20.Rd7 Rab8 21.Kc1 h6 22.h4 Ba8
23.h5 Rb7 24.Rd8 Rb8 25.Rxb8 Rxb8 26.Rd7 Re8 27.Ra7 a4 28.Rxa4  1-0

[Event "5th Costa Viola Open A"]
[Site "Palmi ITA"]
[Date "2012.01.03"]
[Round "4"]
[White "Marzaduri,Marco R."]
[Black "Gregori,Giacomo"]
[Result "0-1"]
[WhiteElo "1848"]
[BlackElo "2023"]

1.e4 d6 2.d4 Nf6 3.Nc3 c6 4.f3 Nbd7 5.Be3 Qb6 6.Rb1 e5 7.Nge2 Be7 8.dxe5 Qxe3
9.exf6 Nxf6 10.Qd4 Qxd4 11.Nxd4 g6 12.b4 Bd7 13.b5 O-O 14.bxc6 bxc6 15.Rb7 Rfb8
16.Ba6 Bd8 17.Kd2 Bb6 18.Rb1 Re8 19.R7xb6 axb6 20.Rxb6 Rab8 21.Na4 c5 22.Nb5 Rxb6
23.Nxb6 Bxb5 24.Bxb5 Rb8 25.Nd7 Nxe4+ 26.fxe4 Rxb5 27.Nf6+ Kf8 28.Kc3 Ra5
29.Kb3 Ra7 30.Nxh7+ Kg7 31.Ng5 Re7 32.Kc4 f6 33.Nf3 Rxe4+ 34.Kb5 Rb4+ 35.Kc6 Ra4
36.Kxd6 Rxa2 37.Ne1 Ra1 38.Nd3 c4 39.Nb4 Rg1 40.g3 Rg2 41.Kc5 c3 42.Kc4 Rxh2
43.Kxc3 Rh3 44.Kd4 Rxg3 45.c4 Rg4+ 46.Kd5 f5 47.c5 Rxb4 48.c6 Rb8 49.c7 Rc8
50.Kd6 Rxc7  0-1

[Event "24th Staufer-Open"]
[Site "Schwaebisch Gmuend GER"]
[Date "2012.01.03"]
[Round "4"]
[White "Weiss,And"]
[Black "Mueck,H"]
[Result "1-0"]
[WhiteElo "2199"]
[BlackElo "1973"]

1.e4 d6 2.d4 Nf6 3.Nc3 c6 4.g3 Qa5 5.Bg2 e5 6.Ne2 Bg4 7.Be3 exd4 8.Bxd4 Bxe2
9.Qxe2 Nbd7 10.a3 c5 11.Be3 a6 12.O-O Be7 13.Bd2 Qd8 14.f4 h5 15.h3 Qb8 16.Rae1 Kf8
17.e5 dxe5 18.fxe5 Nxe5 19.Qxe5 Bd6 20.Qg5 Bxg3 21.Bf4 Bxf4 22.Rxf4 Qd6 23.Nd5 Re8
24.Ref1 Re5 25.Rf5 Rxf5 26.Qxf5 Rh6 27.Qc8+ Ne8 28.Qxb7 f6 29.Re1 Rg6 30.c4 h4
31.Re2 f5 32.Qc8 Qc6 33.Qxf5+  1-0

[Event "Hilton Open 2012"]
[Site "Basel SUI"]
[Date "2012.01.04"]
[Round "6"]
[White "Berset,P"]
[Black "Staechelin,R"]
[Result "1/2-1/2"]
[WhiteElo "2109"]
[BlackElo "2079"]

1.e4 d6 2.d4 Nf6 3.Nc3 e5 4.Nf3 Nbd7 5.Bc4 Be7 6.O-O O-O 7.a4 c6 8.Qe2 b6
9.Rd1 Qc7 10.Ba2 Ne8 11.h3 Bf6 12.Be3 Bb7 13.Nh2 exd4 14.Bxd4 Bxd4 15.Rxd4 Ndf6
16.Nf1 g6 17.Ng3 a6 18.Qe3 Kg7 19.Qg5 Bc8 20.Re1 h6 21.Qe3 Ng8 22.Rd2 Be6
23.Qd4+ Kh7 24.Bb1 b5 25.axb5 axb5 26.Nce2 Qa7 27.Qc3 Ne7 28.Nd4 Bd7 29.Qd3 Qb6
30.Kh2 b4 31.f4 Ra5 32.Nb3 Ra7 33.Nd4 Ra5 34.Nf3 Qb5 35.Qxb5 Rxb5 36.e5 d5
37.Nd4 Rb7 38.Nb3 Be6 39.Ne2 h5 40.Ned4 Ng7 41.Nc5 Ra7 42.g3 Rc8 43.Rg1 Nef5
44.g4 hxg4 45.Nxf5 Bxf5 46.hxg4 Bd7 47.Kg3 Rh8 48.Rd4 Rb8 49.Rd2 Rh8 50.Rh1+ Kg8
51.Rxh8+ Kxh8 52.Rd4 Ne6 53.Nxe6 Bxe6 54.c3 Ra1 55.Rd1 bxc3 56.bxc3 Ra3 57.Rc1 d4
58.Kh4 Rxc3 59.Rd1 c5 60.f5 gxf5 61.gxf5 Bb3 62.Rh1 Kg7 63.f6+ Kf8 64.Bf5 Be6
65.Kg5 Ke8 66.Bxe6 fxe6 67.Rh8+ Kf7 68.Rh7+ Kf8 69.Rh8+ Kf7 70.Rh7+ Kf8 71.Re7 Re3
72.Rxe6 d3 73.Kf4 Re1 74.Rd6 c4 75.Kf5 c3 76.Rxd3 c2 77.Rd8+ Kf7 78.e6+ Rxe6
79.Rd7+ Kg8 80.Rc7 Re2 81.Kg6 Rg2+ 82.Kf5 Rf2+  1/2-1/2

[Event "Hastings Masters 2011-12"]
[Site "Hastings ENG"]
[Date "2012.01.04"]
[Round "8.43"]
[White "Almond,R"]
[Black "Pickersgill,A"]
[Result "1/2-1/2"]
[WhiteElo "2115"]
[BlackElo "1990"]

1.d4 d6 2.e4 Nf6 3.Nc3 c6 4.f4 Qa5 5.Bd3 e5 6.Nf3 Bg4 7.Be3 Nbd7 8.h3 Bh5
9.O-O Be7 10.Qe1 Bxf3 11.Rxf3 O-O 12.Kh2 Nh5 13.Nd5 Qd8 14.Nxe7+ Qxe7 15.dxe5 dxe5
16.f5 Nf4 17.Bc4 Kh8 18.a4 g5 19.g3 Nh5 20.f6 Nhxf6 21.Rf5 h6 22.Bd3 Rg8
23.Qf2 Rg6 24.Rf1 a6  1/2-1/2

[Event "24th Staufer-Open"]
[Site "Schwaebisch Gmuend GER"]
[Date "2012.01.04"]
[Round "5"]
[White "Schroeder,Ja"]
[Black "Neuman,P"]
[Result "0-1"]
[WhiteElo "2221"]
[BlackElo "2459"]

1.e4 d6 2.d4 Nf6 3.Nc3 e5 4.Nf3 Nbd7 5.Bc4 Be7 6.O-O O-O 7.Re1 c6 8.a4 a5
9.b3 exd4 10.Nxd4 Nb6 11.Bf1 d5 12.e5 Ne8 13.Bb2 g6 14.Nce2 Ng7 15.Nf4 f6
16.Nd3 Nd7 17.Ne2 Ne6 18.Rc1 Qb6 19.exf6 Bxf6 20.Bxf6 Nxf6 21.Ng3 Ng5 22.c4 dxc4
23.Rxc4 Be6 24.Rc5 Bd5 25.Qc1 Nge4 26.Nxe4 Nxe4 27.Rc2 Rf7 28.Rce2 Raf8 29.Qe3 Qxb3
30.Qd4 Nd6 31.Ne5 Rf4 32.Qc5 Qb4 33.Qc2 Qxa4 34.Qb1 Qb4 35.Qc2 Qb3 36.Qc1 Qb4
37.Nd3 Qd4 38.Nxf4 Qxf4 39.Qb1 a4 40.Qb2 Qf6 41.Qb4 b5 42.f3 Nf5 43.Re5 Qd6
44.Qd2 a3 45.Bd3 a2 46.Bxf5 Qxe5 47.Rxe5 a1=Q+ 48.Re1 Qa7+  0-1

[Event "Hilton Open 2012"]
[Site "Basel SUI"]
[Date "2012.01.05"]
[Round "7"]
[White "Garner,D"]
[Black "Milliet,S"]
[Result "1/2-1/2"]
[WhiteElo "2165"]
[BlackElo "2404"]

1.e4 d6 2.d4 Nf6 3.Nc3 Nbd7 4.Be3 e5 5.Bc4 Be7 6.h3 c6 7.a4 Qa5 8.Qd2 b5
9.Bd3 b4 10.Nce2 d5 11.exd5 e4 12.Bc4 cxd5 13.Bb3 O-O 14.Ng3 Nb6 15.N1e2 Nc4
16.Bxc4 dxc4 17.c3 b3 18.O-O Bb7 19.Nf4 Rfd8 20.Qe2 Rac8 21.Rfe1 Bf8 22.Nf1 Bd6
23.Ng3 g6 24.Qd2 Re8 25.Nf1 Nd7 26.Ne2 Nb6 27.Bf4 Be7 28.Neg3 Bf6 29.Bh6 Bh8
30.Qf4 f5 31.Ne3 Nd5 32.Nxd5 Qxd5 33.Re3 a5 34.h4 Re6 35.Ne2 Qd6 36.Rd1 Qxf4
37.Bxf4 Rd8 38.Bh6 Red6 39.g3 Bc6 40.Ra1 Kf7 41.Nf4 Bg7 42.Bxg7 Kxg7 43.Ng2 h6
44.Ree1 Rc8 45.Ne3 Bd7 46.Kf1 g5  1/2-1/2

[Event "Hastings Masters 2011-12"]
[Site "Hastings ENG"]
[Date "2012.01.05"]
[Round "9.12"]
[White "Flear,G"]
[Black "Prosviriakov,V"]
[Result "1-0"]
[WhiteElo "2472"]
[BlackElo "2274"]

1.d4 d6 2.e4 Nf6 3.Nc3 e5 4.Nge2 Nc6 5.f3 Be7 6.Be3 O-O 7.Qd2 exd4 8.Nxd4 d5
9.Nxc6 bxc6 10.e5 Nd7 11.f4 f6 12.Nxd5 fxe5 13.Nxe7+ Qxe7 14.Bc4+ Kh8 15.O-O exf4
16.Bd4 Qg5 17.Rae1 c5 18.Bc3 Bb7 19.h4 Qg3 20.Re7 Nf6 21.Rxf4 Rfd8 22.Bd3 Rd6
23.Bxf6 Rxf6 24.Rxf6 gxf6 25.Rxh7+ Kg8 26.Rh8+ Kf7 27.Bc4+ Ke7 28.Rh7+ Kf8
29.Rf7+  1-0

[Event "Donostia GpC"]
[Site "San Sebastian ESP"]
[Date "2012.01.05"]
[Round "6.5"]
[White "Khamrakulov,I"]
[Black "Valdes,Le"]
[Result "0-1"]
[WhiteElo "2518"]
[BlackElo "2391"]

1.e4 d6 2.d4 Nf6 3.Nc3 e5 4.Nf3 Nbd7 5.Bc4 Be7 6.O-O O-O 7.Re1 c6 8.a4 a5
9.Bg5 h6 10.Bh4 Nh5 11.Bxe7 Qxe7 12.g3 Nb6 13.Be2 Nf6 14.Nh4 g6 15.Qd2 Kg7
16.Qe3 Nbd7 17.Rad1 Re8 18.Rd2 Nf8 19.Red1 Ne6 20.dxe5 dxe5 21.Nf3 Ng4 22.Qb6 Qb4
23.Qxb4 axb4 24.Na2 Rxa4 25.Nc1 Nc5 26.h3 Nf6 27.Nb3 Nfxe4 28.Rd8 Rxd8 29.Rxd8 Bxh3
30.Nxc5 Nxc5 31.Nxe5 Ra1+ 32.Kh2 Be6 33.Bc4 Re1 34.Nf3 Rc1 35.Bxe6 Nxe6 36.Rd2 Kf6
37.Kg2 c5 38.Nh2 h5 39.Nf1 Nd4 40.Ne3 Rg1+ 41.Kh3 g5 42.g4  0-1

[Event "Donostia GpC"]
[Site "San Sebastian ESP"]
[Date "2012.01.05"]
[Round "6.6"]
[White "Libiszewski,F"]
[Black "Hoffman,A"]
[Result "1-0"]
[WhiteElo "2500"]
[BlackElo "2445"]

1.e4 d6 2.d4 Nf6 3.Nc3 e5 4.Nge2 c6 5.h3 b5 6.a3 Be7 7.g4 h5 8.g5 Nh7 9.h4 g6
10.Be3 f6 11.f4 fxg5 12.fxg5 O-O 13.Qd2 Nd7 14.d5 c5 15.Nxb5 Nb6 16.b3 Bg4
17.Ng1 Qd7 18.Nc3 Rf7 19.Bb5 Raf8 20.Nge2 Qc8 21.O-O-O Bd8 22.Kb2 a6 23.Bc6 Na8
24.Qc1 Ba5 25.Rdf1 Bf3 26.Rh2 Nc7 27.Rg1 Bg4 28.Nb1  1-0

[Event "24th Staufer-Open"]
[Site "Schwaebisch Gmuend GER"]
[Date "2012.01.05"]
[Round "7"]
[White "Kersten,U"]
[Black "Neuman,P"]
[Result "0-1"]
[WhiteElo "2312"]
[BlackElo "2459"]

1.e4 d6 2.d4 Nf6 3.Nc3 e5 4.Nge2 c6 5.g3 b5 6.Bg2 Nbd7 7.O-O Bb7 8.h3 h5
9.d5 Be7 10.Be3 O-O 11.dxc6 Bxc6 12.Nd5 Bxd5 13.exd5 Qc7 14.c3 Rab8 15.Rc1 Qa5
16.b3 Bd8 17.Kh1 Bb6 18.Bd2 Qa3 19.Rc2 Qc5 20.Bc1 Rfe8 21.a3 a5 22.c4 b4
23.a4 Qc7 24.Ng1 Qa7 25.Nf3 Nc5 26.Re2 Nce4 27.Qc2 Nc3 28.Ree1 Nh7 29.Nh4 g6
30.Bh6 Kh8 31.Kh2 Bd4 32.Bc1 Re7 33.Nf3 Bc5 34.Ng5 Nf6 35.f4 exf4 36.Bxf4 Rbe8
37.Rxe7 Qxe7 38.Bc1 Kg8 39.Bb2 Ng4+ 40.hxg4 Qxg5 41.Bxc3 bxc3 42.Qxc3 hxg4
43.Qf6 Qxf6 44.Rxf6 Kg7  0-1